| 000 | 00938nas a2200289 4500 | ||
|---|---|---|---|
| 001 | BR2010004657 | ||
| 003 | BR-BrBNA | ||
| 005 | 20231205114300.0 | ||
| 007 | ta | ||
| 008 | 230509b bl.|||p| |||| 00| 00por d | ||
| 040 |
_aBR-BrBNA _bpor _cBiblioteca Nacional de Agricultura |
||
| 041 | _a(Pt) | ||
| 072 | _aL73 | ||
| 100 | 1 | _aFiuza, V.R. da S. | |
| 100 | 1 | _aGomes, F.F. | |
| 100 | 1 | _aOliveira, F.C.R. de | |
| 100 | 1 | _aBôa-Morte, M. de O. | |
| 100 | 1 | _aTeixeira, E.F. | |
| 245 | 1 | _aRastreabilidade de propriedades rurais para diagnóstico de fasciolose hepática no município de Campos de Goytacazes, RJ, Brasil | |
| 650 | _aBOVINO | ||
| 650 | _aFASCIOLOSE | ||
| 650 | _aEPIDEMIOLOGIA | ||
| 650 | _aRIO DE JANEIRO | ||
| 773 | 0 |
_tRevista Brasileira de Medicina Veterinária (Brazil) _xISSN 0100-2430 _g(Jan-Mar 2010), v. 32(1) p. 16-20 _wBR2010004657 |
|
| 909 |
_a202311 _bLúcia _c55 _dLúcia Elande |
||
| 942 |
_2AGRIS _n0 _cANA |
||
| 999 |
_c208018 _d208018 |
||